ბათუმის შოთა რუსთაველის სახელმწიფო უნივერსიტეტის ბიბლიოთეკა

ყოფილი საბჭოთა კავშირის ხალხების სახელმწიფოსა და სამართლის ისტორია / (ბიბ.ჩანაწერი № 59348)

000 -ლიდერი
ფიქსირებული სიგრძის საკონტროლო ველი 01282nam a22002297a 4500
003 - საკონტროლო ნომრის იდენტიფიკატორი
საკონტროლო ველი Ge_BSU
005 - ბოლო ოპერაციის თარიღი და დრო
საკონტროლო ველი 20230126122242.0
008 - ფიქსირებული სიგრძის მონაცემთა ელემენტები - ზოგადი ინფორმაცია
ფიქსირებული სიგრძის საკონტროლო ველი 230126s2002 ge ||||| |||| 00| 0 geo d
020 ## - წიგნის საერთაშორისო სტანდარტული ნომერი
International Standard Book Number 9992898321
041 ## - ენის კოდი
Language code of text/sound track or separate title geo
080 ## - უნივერსალური ათობითი კლასიფიკაციის ინდექსი
Universal Decimal Classification number 34(47+57)(09) 321(47+57)(09) ნ-15
100 ## - მთავარი ჩანაწერი - პიროვნების სახელი
Personal name ნადარეიშვილი, გიორგი
9 (RLIN) 16804
245 ## - ცნობა სათაურის შესახებ
Title ყოფილი საბჭოთა კავშირის ხალხების სახელმწიფოსა და სამართლის ისტორია /
Statement of responsibility, etc გიორგი ნადარეიშვილი ; რედაქტორი ზ. ნანობაშვილი.
264 ## - წარმოების, გამოცემის, დისტრიბუციის და სხვა ცნობები
გამოცემის, წარმოების, დისტრიბუციის... ადგილი თბილისი :
გამოცემის, წარმოების, დისტრიბუციის... სახელწოდება ბონა კაუზა,
გამოცემის, წარმოების, დისტრიბუციის... თარიღი 2002.
300 ## - ფიზიკური აღწერა
Extent 477 გვ. ;
Other physical details 20 სმ.
504 ## - BIBLIOGRAPHY, ETC. NOTE
Bibliography, etc ბიბლიოგრაფია ტექსტის შენიშვნებში.
653 ## - INDEX TERM--UNCONTROLLED
Uncontrolled term საბჭოთა კავშირის ხალხთა სამართლის ისტორია
653 ## - INDEX TERM--UNCONTROLLED
Uncontrolled term საბჭოთა სახელმწიფოს ისტორია
700 ## - ADDED ENTRY--PERSONAL NAME
Personal name ნანობაშვილი, ზ.
Relator term რედაქტორი
9 (RLIN) 16805
773 ## - HOST ITEM ENTRY
Title ნაჩუქარი
942 ## - ADDED ENTRY ELEMENTS (KOHA)
Source of classification or shelving scheme
Koha item type წიგნი
ეგზემპლარები
ჩამოწერის სტატუსი დაკარგული ეგზემპლარის სტატუსი კლასიფიკაციის წყარო ან თაროზე გაწყობის სქემა დაზიანების სტატუსი არ გაიცემა მუდმივი მდებარეობა (დაცვის ადგილი) ამჟამინდელი ადგილსამყოფელი თაროზე განთავსების ადგილი შეძენის თარიღი ღირებულება, შესყიდვის ნორმალური ფასი სრული შენახვის შიფრი შტრიხკოდი ბოლო ოპერაციის თარიღი ეგზემპლარის მიმდევრობითი ნომერი (კეტერი?) ფასის ძალაში შესვლის თარიღი ეგზემპლარის სახეობა საჯარო შენიშვნა
          ბათუმის შოთა რუსთაველის სახელმწიფო უნივერსიტეტის მთავარი ბიბლიოთეკა ბათუმის შოთა რუსთაველის სახელმწიფო უნივერსიტეტის მთავარი ბიბლიოთეკა წიგნსაცავი 2023-01-26 8.00 34(47+57)(09) 321(47+57)(09) ნ-15 63595 2023-01-26 63595 2023-01-26 წიგნი 8 ლ.